000 00444cam a22001337a 4500
008 180718b1984 xxu||||| |||| 00| 0 eng d
082 _aZ4x54 K897
245 _aPeasant farming and growth of capitalism in Indian agriculture
_cedited by Y.V. Krishna Rao and others
260 _aVijayawada
_bVisaalandhra
_c1984
300 _a440p.
650 _aFarmers - India
650 _aAgriculture - Economic aspects - India
700 _aKrishna Rao, Y.V.
999 _c348778
_d348778